New Techniques in Foot and Ankle Surgery (Post nr. 5759)

MARC-detaljer
000 -LEADER
fixed length control field 02866nam a22004455i 4500
001 - CONTROL NUMBER
control field 60493
005 - DATE AND TIME OF LATEST TRANSACTION
control field 20200226102513.0
007 - PHYSICAL DESCRIPTION FIXED FIELD--GENERAL INFORMATION
fixed length control field cr nn 008mamaa
008 - FIXED-LENGTH DATA ELEMENTS--GENERAL INFORMATION
fixed length control field 170826s2017 gw | s |||| 0|eng d
020 ## - INTERNATIONAL STANDARD BOOK NUMBER
International Standard Book Number 9783319596747
-- 978-3-319-59674-7
024 7# - OTHER STANDARD IDENTIFIER
Standard number or code 10.1007/978-3-319-59674-7
Source of number or code doi
035 ## - SYSTEM CONTROL NUMBER
System control number (DE-He213)978-3-319-59674-7
050 #4 - LIBRARY OF CONGRESS CALL NUMBER
Classification number RD701-811
072 #7 - SUBJECT CATEGORY CODE
Subject category code MNS
Source bicssc
072 #7 - SUBJECT CATEGORY CODE
Subject category code MN
Source bicssc
072 #7 - SUBJECT CATEGORY CODE
Subject category code MED065000
Source bisacsh
082 04 - DEWEY DECIMAL CLASSIFICATION NUMBER
Classification number 617.47
Edition number 23
100 1# - MAIN ENTRY--PERSONAL NAME
Personal name Thermann, Hajo.
Relator term author.
245 10 - TITLE STATEMENT
Title New Techniques in Foot and Ankle Surgery
Medium [electronic resource] /
Statement of responsibility, etc. by Hajo Thermann.
264 #1 - PRODUCTION, PUBLICATION, DISTRIBUTION, MANUFACTURE, AND COPYRIGHT NOTICE
Place of production, publication, distribution, manufacture Cham :
Name of producer, publisher, distributor, manufacturer Springer International Publishing :
-- Imprint: Springer,
Date of production, publication, distribution, manufacture, or copyright notice 2017.
300 ## - PHYSICAL DESCRIPTION
Extent X, 156 p. 291 illus., 284 illus. in color.
Other physical details online resource.
336 ## - CONTENT TYPE
Content type term text
Content type code txt
Source rdacontent
337 ## - MEDIA TYPE
Media type term computer
Media type code c
Source rdamedia
338 ## - CARRIER TYPE
Carrier type term online resource
Carrier type code cr
Source rdacarrier
347 ## - DIGITAL FILE CHARACTERISTICS
File type text file
Encoding format PDF
Source rda
505 0# - FORMATTED CONTENTS NOTE
Formatted contents note Surgical procedures of the Achilles tendon -- Surgical intervention for treatment of lateral ligament und Syndesmosis of the ankle -- Ankle arthroscopy -- Arthroscopy of the subtalar joint.– Surgical interventions of the metatarsophalangeal joint.– Surgical correction of hind foot deformities -- Tendon transfer by Pes Plano valgus -- Forefoot surgery -- Arthroplasty of the ankle -- Treatment regimens.
520 ## - SUMMARY, ETC.
Summary, etc. This book presents in exquisite detail numerous new surgical techniques for the treatment of foot and ankle conditions, as well as the latest refinements of established procedures. All operations are depicted step by step with the aid of superb illustrations, with precise and succinct accompanying descriptions. The author is an expert in the field, with many years of experience, whose goals here are to facilitate the smooth translation of theory into practice and to stimulate further discussions and communications regarding optimal surgical management. The book is already in its second edition in German. Among the key features of this first English edition are the latest advances in arthroscopy, surgical procedures on the Achilles tendon, interventions for treatment of lateral ligament and syndesmotic ankle injuries, surgical interventions on the metatarsophalangeal joint, surgical correction of hindfoot deformities, forefoot surgery, and ankle arthroplasty. The book will be of value for foot and ankle surgeons at all levels.
650 #0 - SUBJECT ADDED ENTRY--TOPICAL TERM
Topical term or geographic name entry element Medicine.
650 #0 - SUBJECT ADDED ENTRY--TOPICAL TERM
Topical term or geographic name entry element Orthopedics.
650 #0 - SUBJECT ADDED ENTRY--TOPICAL TERM
Topical term or geographic name entry element Traumatology.
650 14 - SUBJECT ADDED ENTRY--TOPICAL TERM
Topical term or geographic name entry element Medicine & Public Health.
650 24 - SUBJECT ADDED ENTRY--TOPICAL TERM
Topical term or geographic name entry element Surgical Orthopedics.
650 24 - SUBJECT ADDED ENTRY--TOPICAL TERM
Topical term or geographic name entry element Traumatic Surgery.
710 2# - ADDED ENTRY--CORPORATE NAME
Corporate name or jurisdiction name as entry element SpringerLink (Online service)
773 0# - HOST ITEM ENTRY
Title Springer eBooks
776 08 - ADDITIONAL PHYSICAL FORM ENTRY
Relationship information Printed edition:
International Standard Book Number 9783319596730
856 40 - ELECTRONIC LOCATION AND ACCESS
Uniform Resource Identifier <a href="http://dx.doi.org/10.1007/978-3-319-59674-7">http://dx.doi.org/10.1007/978-3-319-59674-7</a>
912 ## -
-- ZDB-2-SME

Inga exemplar finns tillgängliga.

Medicinska biblioteket, Karlskoga lasarett
Måndag och onsdag: 10.00-14.30, Lunchstängt 11.30-12.00.
Fredagar: 10.00-12.00.

Madelene Ribbing, bibliotekarie
Lena Mileraux, biblioteksassistent/administratör
0586-664 49
medbibl.kgalas@regionorebrolan.se




Medicinska biblioteket, Lindesbergs lasarett
Dörren till bibliotket är upplåst mellan 07-16:00 på vardagar.
Dörren i hisshallen är öppen måndag - tosdag 7.00 - 15.00. Fredagar stängt.

Bibliotekets bemanning:
Mån: självbetjäning
Tis, ons och tors: 10-15
Fre: självbetjäning

Madelene Ribbing, bibliotekarie
Telefon: 0581-853 11, 072-14 77 552
medbibl.lbglas@regionorebrolan.se